<?xml version="1.0" encoding="UTF-8"?>
<collection xmlns="http://www.loc.gov/MARC21/slim">
 <record>
  <leader>01451nam a2200217   4500</leader>
  <controlfield tag="001">NCT_109214</controlfield>
  <controlfield tag="008">170928b        xxu||||| |||| 00| 0 vie d</controlfield>
  <datafield tag="999" ind1=" " ind2=" ">
   <subfield code="c">5541</subfield>
   <subfield code="d">5541</subfield>
  </datafield>
  <datafield tag="022" ind1=" " ind2=" ">
   <subfield code="a">2354-080X</subfield>
  </datafield>
  <datafield tag="041" ind1=" " ind2=" ">
   <subfield code="a">vie</subfield>
  </datafield>
  <datafield tag="082" ind1="0" ind2="4">
   <subfield code="2">23rd ed.</subfield>
   <subfield code="a">610</subfield>
   <subfield code="b">T109C</subfield>
  </datafield>
  <datafield tag="245" ind1="1" ind2="0">
   <subfield code="a">Tạp chí Nghiên cứu y học</subfield>
   <subfield code="b">= Journal of medical research</subfield>
   <subfield code="n">Tập 143. Số 7</subfield>
   <subfield code="c">Trường Đại học Y Hà Nội</subfield>
  </datafield>
  <datafield tag="260" ind1=" " ind2=" ">
   <subfield code="a">H.</subfield>
   <subfield code="b">Trường Đại học Y Hà Nội</subfield>
   <subfield code="c">2021</subfield>
  </datafield>
  <datafield tag="310" ind1=" " ind2=" ">
   <subfield code="a">Tháng 1 kỳ</subfield>
  </datafield>
  <datafield tag="362" ind1=" " ind2=" ">
   <subfield code="a">08/2021</subfield>
  </datafield>
  <datafield tag="520" ind1="3" ind2=" ">
   <subfield code="a">Nội dung:Tác động của đại dịch COVID- 19 tới nhân viên y tế tại Hà Nội năm 2020; Mối liên quan giữa nhiệt độ với số người bệnh cao tuổi mắc bệnh phổi tắc nghẽn mạn tỉnh (COPD) điều trị nội trú tại năm bệnh viện tại thành phố Đà Nẵng năm 2019; Thực trạng tư vấn của điều dưỡng đối với người bệnh điều trị nội trú và một số yếu 3 16 tổ liên quan tại khoa Phẫu thuật, Bệnh viện Trung ương Quân đội 108 năm 2018;...</subfield>
  </datafield>
  <datafield tag="653" ind1=" " ind2=" ">
   <subfield code="a">Y đa khoa</subfield>
  </datafield>
  <datafield tag="655" ind1=" " ind2=" ">
   <subfield code="a">Tạp chí</subfield>
  </datafield>
  <datafield tag="942" ind1=" " ind2=" ">
   <subfield code="2">ddc</subfield>
   <subfield code="c">CR</subfield>
  </datafield>
  <datafield tag="952" ind1=" " ind2=" ">
   <subfield code="0">0</subfield>
   <subfield code="1">0</subfield>
   <subfield code="2">ddc</subfield>
   <subfield code="4">0</subfield>
   <subfield code="6">610_000000000000000_T109C</subfield>
   <subfield code="7">0</subfield>
   <subfield code="9">22974</subfield>
   <subfield code="a">000001</subfield>
   <subfield code="b">000001</subfield>
   <subfield code="d">2022-04-07</subfield>
   <subfield code="o">610 T109C</subfield>
   <subfield code="r">2022-04-07</subfield>
   <subfield code="w">2022-04-07</subfield>
   <subfield code="y">CR</subfield>
  </datafield>
  <datafield tag="980" ind1=" " ind2=" ">
   <subfield code="a">Thư viện Trường Đại học Nam Cần Thơ</subfield>
  </datafield>
 </record>
</collection>
<br />
<b>Notice</b>:  fwrite(): write of 437 bytes failed with errno=28 No space left on device in <b>C:\vufind\module\VuFind\src\VuFind\Session\File.php</b> on line <b>152</b><br />
Cannot write session to C:\Windows\TEMP\vufind_sessions/sess_jtvnj3iamvafh99spo5e7q76dl
<br />
<b>Warning</b>:  session_write_close(): Failed to write session data using user defined save handler. (session.save_path: \xampp\tmp) in <b>C:\vufind\vendor\laminas\laminas-session\src\SessionManager.php</b> on line <b>235</b><br />
